America 250 Quiz - Statistics

General Stats
  • This quiz has been taken 7 times
  • The average score is 26 of 30
Answer Stats
Hint Answer % Correct
2) When did the US declare independencefrom Britain? 1776
100%
19) What amendment protects people from unlawful search and seizures? 4
100%
9) How many presidents came from Virginia? 8
100%
29) What massive military cemetery sits in justoutside Washington DC? Arlington
100%
5) What bird is the national animal of the US? Bald Eagle
100%
28) The president is also called the Commander in ____ Chief
100%
10) What was the first state admitted to the Union? Delaware
100%
25) With the above, what other political party is there? Democrat
100%
1) What branch of government does thepresident belong to? Executive
100%
7) Who was the first president? George Washington
100%
24) The Grand Old Party is also referred to as Republican
100%
15) Who becomes president if the president andVP cannot serve? Speaker of the House
100%
3) What famous residence does the presidentlive? White House
100%
17) How many Senators are there total? 100
86%
21) How many terms can the president serve? 2
86%
18) What is the the first 10 amendments of theConstitution called? Bill of Rights
86%
16) The Senate and House make up what? Congress
86%
11) What document was ratified in 1787? Constitution
86%
22) Who is the only president to have served4 times? Franklin Roosevelt
86%
13) What founding father became synonymous witha large signature? John Hancock
86%
8) What branch is responsible for interpretinglaws and overseeing the highest court system? Judicial
86%
4) What branch of government is responsiblefor law making? Legislative
86%
6) Who wrote the Declaration of Independence? Thomas Jefferson
86%
20) What amendment gave women the rightto vote? 19
71%
14) Who founded the University of Pennsylvania? Benjamin Franklin
71%
27) What group is made of 538 electors in which thepresident must get 270 of to win? Electoral College
71%
12) What is the introduction to the above called? Preamble
71%
30) How many Congressmen are there in the House of Representatives? 435
57%
26) Where in Philadelphia was the Declaration signed? Independence Hall
43%
23) What war was fought when Great Britain returnedafter the Revolution had ended? War of 1812
14%
No matching quizzes found
Score Distribution
Percent of People with Each Score
Percentile by Number Answered
Your Score History
You have not taken this quiz